| 000 | 00491nam a22001697a 4500 | ||
|---|---|---|---|
| 003 | BD-DhUL | ||
| 005 | 20170823160953.0 | ||
| 008 | 170320snd. ua ||||| |||| 00| 0 ara d | ||
| 040 |
_aBD-DhUL _cBD-DhUL |
||
| 082 |
_a892.71 _bSHS |
||
| 100 | 0 | _aشوقی، احمد | |
| 245 | 1 | 0 |
_aالشوقیات : _cاحمد شوقی _bجزء ۱ / |
| 260 |
_aالقاھرۃ : _bمطبعۃ الاستقامۃ، _c۔ |
||
| 300 |
_aجزء ۱ ؛ _c۲۲ سم۔ |
||
| 650 | 0 | _aArabic poetry | |
| 942 |
_2ddc _cBK |
||
| 999 |
_c213753 _d213753 |
||